[Event "Dubai op-B 23rd"]
[Site "Dubai"]
[Date "2023.06.04"]
[Round "9"]
[White "Zayed, Sultan Al Taher"]
[Black "Mohamed Azzab, Mareim"]
[Result "0-1"]
[WhiteElo "1730"]
[BlackElo "1614"]
[PlyCount "74"]
[EventDate "2023.05.27"]
[EventType "swiss"]
[EventRounds "9"]
[EventCountry "UAE"]
[SourceTitle "CBM 214 Extra"]
[Source "ChessBase"]
[SourceDate "2023.07.31"]
[SourceVersion "1"]
[SourceVersionDate "2023.07.31"]
[SourceQuality "1"]

1. d4 d5 2. c4 c6 3. cxd5 cxd5 4. Nc3 Nf6 5. Bf4 Nc6 6. e3 a6 7. Bd3 Bg4 8. Nge2 e6 9. 0-0 Bd6 10. f3 Bh5 11. Na4 Bg6 12. Nc5 Bxf4 13. Nxf4 Bxd3 14. Ncxd3 0-0 15. Rc1 Qb6 16. Qd2 Nd7 17. h4 Qd8 18. h5 Qe7 19. Rc2 Rfc8 20. g4 Nb6 21. b3 h6 22. Ne5 Nxe5 23. Rxc8+ Rxc8 24. dxe5 Nd7 25. Nd3 Qg5 26. Rc1 Rxc1+ 27. Qxc1 Nxe5 28. Nxe5 Qxe5 29. Qc8+ Kh7 30. Qc2+ f5 31. Qf2 fxg4 32. fxg4 Qe4 33. Qf4 Qb1+ 34. Kg2 Qxa2+ 35. Kh3 Qxb3 36. g5 hxg5 37. Qxg5 Qd3 0-1

[Event "Dubai op-B 23rd"]
[Site "Dubai"]
[Date "2023.05.28"]
[Round "2"]
[White "Marcos, Marvin"]
[Black "Zayed, Sultan Al Taher"]
[Result "1/2-1/2"]
[WhiteElo "2019"]
[BlackElo "1730"]
[PlyCount "69"]
[EventDate "2023.05.27"]
[EventType "swiss"]
[EventRounds "9"]
[EventCountry "UAE"]
[SourceTitle "CBM 214 Extra"]
[Source "ChessBase"]
[SourceDate "2023.07.31"]
[SourceVersion "1"]
[SourceVersionDate "2023.07.31"]
[SourceQuality "1"]

1. d4 Nf6 2. Bf4 d5 3. e3 c5 4. c3 e6 5. Nd2 Bd6 6. Bxd6 Qxd6 7. f4 cxd4 8. cxd4 Nbd7 9. Bd3 b6 10. Ngf3 Bb7 11. Ne5 0-0 12. 0-0 Ne4 13. Ndf3 f6 14. Nxd7 Qxd7 15. Rc1 Rac8 16. Qb3 Nd6 17. Qa3 Ba8 18. b3 Bc6 19. Ba6 Rc7 20. Rc2 b5 21. Rfc1 Rb8 22. Ne1 Rb6 23. Nd3 Ne4 24. Qa5 Qd6 25. Nc5 h6 26. a4 bxa4 27. bxa4 Be8 28. Bb5 Bxb5 29. Nxe4 Rxc2 30. Rxc2 Qa3 31. Qc3 Qxc3 32. Nxc3 Bd3 33. Rd2 Bc4 34. Rd1 Rb3 35. Rc1 1/2-1/2

[Event "Abu Dhabi President Cup"]
[Site "Abu Dhabi"]
[Date "2022.12.20"]
[Round "6"]
[White "Al Blooshi, Hamad Essa"]
[Black "Zayed, Sultan Al Taher"]
[Result "1-0"]
[WhiteElo "1412"]
[BlackElo "1815"]
[PlyCount "94"]
[EventDate "2022.12.16"]
[EventType "swiss"]
[EventRounds "9"]
[EventCountry "UAE"]
[SourceTitle "CBM 212 Extra"]
[Source "ChessBase"]
[SourceDate "2023.03.31"]
[SourceVersion "1"]
[SourceVersionDate "2023.03.31"]
[SourceQuality "1"]

1. d4 Nf6 2. c4 c5 3. d5 b5 4. cxb5 a6 5. bxa6 g6 6. Nc3 Bg7 7. e4 0-0 8. a7 Rxa7 9. Nf3 e6 10. dxe6 fxe6 11. Bd3 Nc6 12. 0-0 d5 13. a4 Rd7 14. e5 Ne4 15. Bb5 Nxc3 16. bxc3 Nxe5 17. Nxe5 Bxe5 18. Bxd7 Bxd7 19. Qc2 Qf6 20. Bd2 g5 21. Ra3 c4 22. Qc1 Bd6 23. Ra2 Qe5 24. g3 h6 25. Be3 Rf3 26. Bd4 Qf5 27. Qb1 Rd3 28. Rd1 e5 29. Rxd3 cxd3 30. Be3 Qf3 31. Qf1 e4 32. Ra1 Bc8 33. a5 Ba6 34. Qh3 Qf6 35. Bd4 Qg6 36. Qd7 e3 37. Qd8+ Bf8 38. Qxd5+ Qf7 39. Qxf7+ Kxf7 40. fxe3 Ke6 41. Kf2 g4 42. Ke1 Kd5 43. Kd2 Ke4 44. Rf1 Be7 45. Rf4+ Kd5 46. Rxg4 Kc4 47. Bf6+ Kd5 1-0

[Event "UAE National Day 51st"]
[Site "Sharjah"]
[Date "2022.12.04"]
[Round "10"]
[White "Kanter, Eduard"]
[Black "Zayed, Sultan Al Taher"]
[Result "0-1"]
[WhiteElo "2367"]
[BlackElo "1815"]
[PlyCount "38"]
[EventDate "2022.12.03"]
[EventType "swiss (rapid)"]
[EventRounds "10"]
[EventCountry "UAE"]
[SourceTitle "CBM 211 Extra"]
[Source "ChessBase"]
[SourceDate "2023.01.31"]
[SourceVersion "1"]
[SourceVersionDate "2023.01.31"]
[SourceQuality "1"]

1. d4 Nf6 2. c4 c5 3. d5 b5 4. Nd2 d6 5. e4 g6 6. b3 Bg7 7. Bb2 0-0 8. Bd3 Nbd7 9. Ngf3 b4 10. Qc2 Ng4 11. 0-0 Bxb2 12. Qxb2 Nge5 13. Ne1 e6 14. Be2 exd5 15. exd5 f5 16. f4 Nf7 17. Nd3 Qf6 18. a3 Qxb2 19. Nxb2 bxa3 0-1

[Event "UAE National Day 51st"]
[Site "Sharjah"]
[Date "2022.12.04"]
[Round "7"]
[White "Zayed, Sultan Al Taher"]
[Black "Sultan, Ibrahim"]
[Result "0-1"]
[WhiteElo "1815"]
[BlackElo "2099"]
[PlyCount "96"]
[EventDate "2022.12.03"]
[EventType "swiss (rapid)"]
[EventRounds "10"]
[EventCountry "UAE"]
[SourceTitle "CBM 211 Extra"]
[Source "ChessBase"]
[SourceDate "2023.01.31"]
[SourceVersion "1"]
[SourceVersionDate "2023.01.31"]
[SourceQuality "1"]

1. d4 d5 2. c4 c6 3. cxd5 cxd5 4. Nc3 Nf6 5. Bf4 Nc6 6. e3 Bf5 7. Qb3 Na5 8. Qa4+ Bd7 9. Qc2 e6 10. Bd3 Rc8 11. Nf3 Bb4 12. Rc1 0-0 13. 0-0 h6 14. a3 Bxc3 15. bxc3 Qe7 16. Ne5 Rfd8 17. h3 a6 18. Qb2 Ba4 19. c4 dxc4 20. Nxc4 Bb5 21. Nxa5 Bxd3 22. Rfd1 Bb5 23. Qb4 Qxb4 24. axb4 b6 25. Nb7 Rxc1 26. Rxc1 Rd7 27. Nd6 Nd5 28. Nxb5 axb5 29. Bg3 Kf8 30. Rc6 Ke7 31. Kf1 f5 32. Be5 g5 33. g4 f4 34. e4 Nxb4 35. Rxb6 Nd3 36. Rxb5 f3 37. Bg7 Rc7 38. Rb1 Rc2 39. Bxh6 Rxf2+ 40. Kg1 Rg2+ 41. Kf1 Rf2+ 42. Kg1 Rg2+ 43. Kf1 Kf6 44. Rb3 Rd2 45. Rb1 Rh2 46. Kg1 Rxh3 47. Rd1 f2+ 48. Kf1 Rh1+ 0-1

[Event "UAE National Day 51st"]
[Site "Sharjah"]
[Date "2022.12.03"]
[Round "3"]
[White "Raji Sayel, Abu Azizah"]
[Black "Zayed, Sultan Al Taher"]
[Result "1-0"]
[WhiteElo "1943"]
[BlackElo "1815"]
[PlyCount "97"]
[EventDate "2022.12.03"]
[EventType "swiss (rapid)"]
[EventRounds "10"]
[EventCountry "UAE"]
[SourceTitle "CBM 211 Extra"]
[Source "ChessBase"]
[SourceDate "2023.01.31"]
[SourceVersion "1"]
[SourceVersionDate "2023.01.31"]
[SourceQuality "1"]

1. e4 e5 2. Nf3 Nc6 3. Bc4 Bc5 4. d3 d6 5. c3 Nf6 6. Nbd2 0-0 7. 0-0 a5 8. h3 Ne7 9. Re1 Bb6 10. Bb3 Ng6 11. Nc4 c6 12. Bg5 Bc7 13. d4 exd4 14. cxd4 h6 15. Bd2 d5 16. exd5 Nxd5 17. Nce5 Nxe5 18. Nxe5 Qh4 19. Bc3 Be6 20. Qf3 g5 21. Bc2 Nf4 22. g3 Qxh3 23. gxf4 Bxe5 24. Qxh3 Bxh3 25. fxe5 b5 26. b4 a4 27. Be4 Rac8 28. Re3 Be6 29. a3 Kg7 30. Kg2 h5 31. Rh1 h4 32. Kf1 Rfd8 33. Rg1 Kh6 34. Rd3 Bc4 35. Ke2 Bxd3+ 36. Kxd3 Rg8 37. Bd2 Kh5 38. Bf5 Rcd8 39. Bg4+ Kh6 40. f4 Rge8 41. fxg5+ Kg6 42. Ke4 Rh8 43. Bf5+ Kg7 44. g6 h3 45. Bg5 h2 46. Bf6+ Kg8 47. Rh1 fxg6 48. Be6+ Kf8 49. Bxh8 1-0

[Event "Sharjah Blitz op 27th"]
[Site "Sharjah"]
[Date "2022.04.08"]
[Round "9"]
[White "Zayed, Sultan Al Taher"]
[Black "Vishal Choudary, B."]
[Result "1-0"]
[WhiteElo "1368"]
[BlackElo "2101"]
[PlyCount "79"]
[EventDate "2022.04.08"]
[EventType "swiss (blitz)"]
[EventRounds "9"]
[EventCountry "UAE"]
[SourceTitle "CBM 207 Extra"]
[Source "ChessBase"]
[SourceDate "2022.05.31"]
[SourceVersion "1"]
[SourceVersionDate "2022.05.31"]
[SourceQuality "1"]

1. c4 f5 2. Nc3 Nf6 3. g3 g6 4. Bg2 Bg7 5. e4 d6 6. d4 0-0 7. Nge2 c6 8. 0-0 Nxe4 9. Nxe4 fxe4 10. Bxe4 Bh3 11. Bg2 Bxg2 12. Kxg2 Qd7 13. Nf4 Qf5 14. d5 Qe4+ 15. Kg1 Qxc4 16. Ne6 Rf7 17. Nc7 Na6 18. Nxa8 Rf8 19. dxc6 Qxc6 20. Bg5 Qd7 21. Rc1 Rxa8 22. Re1 e5 23. Qd5+ Kh8 24. Red1 Qf5 25. Be3 Nb4 26. Qxb7 Rf8 27. Qxb4 Bh6 28. Qd2 Bxe3 29. Qxe3 Qf6 30. Rc6 Rd8 31. Qxa7 Qf3 32. Rcc1 d5 33. Qe3 Qf5 34. Re1 e4 35. Qd4+ Kg8 36. Rc7 Rd7 37. Rxd7 Qxd7 38. Rxe4 Qf5 39. Re1 Qf7 40. Qe5 1-0

[Event "Sharjah Rapid op 27th"]
[Site "Sharjah"]
[Date "2022.04.07"]
[Round "8"]
[White "Ahmed, Fareed"]
[Black "Zayed, Sultan Al Taher"]
[Result "1-0"]
[WhiteElo "1932"]
[BlackElo "1368"]
[PlyCount "63"]
[EventDate "2022.04.06"]
[EventType "swiss (rapid)"]
[EventRounds "9"]
[EventCountry "UAE"]
[SourceTitle "CBM 207 Extra"]
[Source "ChessBase"]
[SourceDate "2022.05.31"]
[SourceVersion "1"]
[SourceVersionDate "2022.05.31"]
[SourceQuality "1"]

1. e4 e5 2. Nf3 Nc6 3. Bb5 a6 4. Ba4 d6 5. c4 Bd7 6. Nc3 g6 7. d4 Bg7 8. d5 Nce7 9. 0-0 Nf6 10. Bc2 0-0 11. h3 h6 12. Be3 Nh5 13. Qd2 Kh7 14. g4 Nf6 15. Kg2 Nxg4 16. hxg4 Bxg4 17. Rh1 Bh5 18. Nh4 Qe8 19. Ne2 f5 20. exf5 Nxf5 21. Nxf5 gxf5 22. Ng3 Bg6 23. Bxh6 f4 24. Bxg7+ Kxg7 25. f3 Rg8 26. Ne4 Qe7 27. Kf2 Kf8 28. Rag1 Bxe4 29. Rxg8+ Kxg8 30. Bxe4 Kf8 31. Rh8+ Kg7 32. Rh7+ 1-0

[Event "Biel Rapid op 55th"]
[Site "Biel"]
[Date "2022.??.??"]
[Round "5"]
[White "Zayed, Sultan Al Taher"]
[Black "Mansoor, Abdulmajeed"]
[Result "1/2-1/2"]
[WhiteElo "1537"]
[BlackElo "1246"]
[PlyCount "36"]
[EventDate "2022.07.12"]
[EventType "swiss (rapid)"]
[EventRounds "9"]
[EventCountry "SUI"]
[SourceTitle "EXT 2024"]
[Source "ChessBase"]
[SourceDate "2023.10.10"]
[SourceVersion "1"]
[SourceVersionDate "2023.10.10"]
[SourceQuality "1"]

1. d4 Nf6 2. c4 g6 3. Nc3 Bg7 4. e4 d6 5. f3 c6 6. Be3 a6 7. a4 a5 8. Bd3 Na6 9. Nge2 Nb4 10. Rc1 Nxd3+ 11. Qxd3 0-0 12. 0-0 e5 13. dxe5 dxe5 14. Rfe1 Be6 15. Red1 Qc7 16. b3 Rfd8 17. Qc2 Bf8 18. Bd4 h6 1/2-1/2

[Event "Sharjah Ramadan op rapid"]
[Site "Sharjah"]
[Date "2019.05.13"]
[Round "2"]
[White "Zayed, Sultan Al Taher"]
[Black "Pabalan, Rocky"]
[Result "0-1"]
[WhiteElo "1297"]
[BlackElo "2040"]
[PlyCount "132"]
[EventDate "2019.05.13"]
[EventType "swiss (rapid)"]
[EventRounds "9"]
[EventCountry "UAE"]
[SourceTitle "CBM 190 Extra"]
[Source "ChessBase"]
[SourceDate "2019.07.15"]
[SourceVersion "1"]
[SourceVersionDate "2019.07.15"]
[SourceQuality "1"]

1. d4 b6 2. Bf4 Bb7 3. e3 Nf6 4. Nf3 Nh5 5. Bg5 h6 6. Bh4 g5 7. Bg3 Nxg3 8. hxg3 Bg7 9. c4 c5 10. Nc3 cxd4 11. Nxd4 e6 12. Ndb5 0-0 13. Nd6 Bc6 14. e4 Na6 15. Be2 Nc5 16. 0-0 Qe7 17. Qd2 Bxc3 18. bxc3 Nxe4 19. Nxe4 Bxe4 20. Qd4 Bc6 21. Bd3 e5 22. Qe3 f5 23. Qe2 e4 24. Bc2 Qe5 25. Qh5 Kg7 26. Rad1 Qxc3 27. Bb3 Rf6 28. Rc1 Qe5 29. Rc2 d6 30. Rd2 g4 31. Rfd1 Rd8 32. c5 d5 33. cxb6 axb6 34. Rc2 Rdd6 35. Rdc1 Qe8 36. Qh4 d4 37. Rd2 d3 38. Re1 Qe5 39. Re3 Be8 40. Qh1 Bf7 41. Bxf7 Qa1+ 42. Kh2 Qxh1+ 43. Kxh1 Rxf7 44. Kg1 Rc7 45. Kf1 Rc1+ 46. Re1 Rdc6 47. Rdd1 R1c2 48. a4 Ra2 49. Re3 Rcc2 50. Ree1 Rxf2+ 51. Kg1 Rxg2+ 52. Kf1 Rh2 53. Kg1 Rag2+ 54. Kf1 Rxg3 55. Rc1 Rh1+ 56. Kf2 Rf3+ 57. Kg2 Rxe1 58. Rxe1 d2 59. Rd1 e3 60. Kh2 e2 61. Rxd2 e1Q 62. Rd7+ Kf6 63. Rd6+ Kg5 64. Rg6+ Kxg6 65. a5 Qe2+ 66. Kg1 Rf1# 0-1

[Event "UAE President Cup U14"]
[Site "Ajman"]
[Date "2019.01.07"]
[Round "7"]
[White "Hamad, Essam"]
[Black "Zayed, Sultan Al Taher"]
[Result "1-0"]
[WhiteElo "1749"]
[BlackElo "1225"]
[PlyCount "73"]
[EventDate "2019.01.02"]
[EventType "swiss"]
[EventRounds "9"]
[EventCountry "UAE"]
[SourceTitle "CBM 188 Extra"]
[Source "ChessBase"]
[SourceDate "2019.02.28"]
[SourceVersion "1"]
[SourceVersionDate "2019.02.28"]
[SourceQuality "1"]

1. e4 e5 2. Nf3 Nc6 3. Bb5 a6 4. Ba4 d6 5. c3 Bd7 6. 0-0 g6 7. d4 Bg7 8. Be3 Nge7 9. d5 Nb8 10. Bxd7+ Nxd7 11. c4 0-0 12. Nc3 f5 13. Ng5 Rf6 14. Ne6 Qc8 15. f3 f4 16. Bf2 Nf8 17. Nxg7 Kxg7 18. c5 g5 19. Rc1 Qd7 20. Na4 Nc8 21. c6 bxc6 22. Rxc6 Na7 23. Rc4 Nb5 24. Qc2 Rc8 25. Nb6 cxb6 26. Rxc8 g4 27. a4 gxf3 28. Bxb6 fxg2 29. Rf2 f3 30. axb5 Qh3 31. Rc7+ Kg8 32. Be3 Rg6 33. Qd1 axb5 34. Qxf3 Qxh2+ 35. Kxh2 g1Q+ 36. Kh3 Kh8 37. Qxf8+ 1-0

[Event "UAE President Cup U14"]
[Site "Ajman"]
[Date "2019.01.05"]
[Round "5"]
[White "Abdulrahman Mohammad, Al Taher"]
[Black "Zayed, Sultan Al Taher"]
[Result "1/2-1/2"]
[WhiteElo "1508"]
[BlackElo "1225"]
[PlyCount "60"]
[EventDate "2019.01.02"]
[EventType "swiss"]
[EventRounds "9"]
[EventCountry "UAE"]
[SourceTitle "CBM 188 Extra"]
[Source "ChessBase"]
[SourceDate "2019.02.28"]
[SourceVersion "1"]
[SourceVersionDate "2019.02.28"]
[SourceQuality "1"]

1. d4 d5 2. Nf3 Nf6 3. e3 Bg4 4. c4 e6 5. Qb3 Qc8 6. Ne5 c6 7. Nxg4 Nxg4 8. h3 Nf6 9. Bd3 Ne4 10. Bxe4 dxe4 11. Nc3 f5 12. Bd2 Nd7 13. Rc1 c5 14. 0-0 Be7 15. Rfd1 0-0 16. Be1 b6 17. d5 Ne5 18. dxe6 Nd3 19. Nd5 Qxe6 20. Nc7 Nxc1 21. Rxc1 Qc6 22. Nxa8 Rxa8 23. Rd1 Rd8 24. Rxd8+ Bxd8 25. Qd1 Be7 26. Bc3 Qd6 27. Qxd6 Bxd6 28. Kf1 Kf7 29. Ke2 g6 30. b3 Ke6 1/2-1/2

[Event "UAE President Cup U14"]
[Site "Ajman"]
[Date "2019.01.05"]
[Round "4"]
[White "Zayed, Sultan Al Taher"]
[Black "Soud, Jaber"]
[Result "1-0"]
[WhiteElo "1225"]
[BlackElo "1483"]
[PlyCount "55"]
[EventDate "2019.01.02"]
[EventType "swiss"]
[EventRounds "9"]
[EventCountry "UAE"]
[SourceTitle "CBM 188 Extra"]
[Source "ChessBase"]
[SourceDate "2019.02.28"]
[SourceVersion "1"]
[SourceVersionDate "2019.02.28"]
[SourceQuality "1"]

1. e4 e5 2. Nf3 Nc6 3. Bb5 a6 4. Bxc6 dxc6 5. 0-0 Bd6 6. Re1 Bg4 7. h3 Bh5 8. c3 Bc5 9. Na3 Qf6 10. Nc4 Bxf3 11. Qxf3 Qxf3 12. gxf3 f6 13. f4 exf4 14. d4 Ba7 15. Bxf4 0-0-0 16. a4 Ne7 17. b4 Ng6 18. Bh2 Kb8 19. b5 axb5 20. axb5 cxb5 21. Nd2 Bb6 22. Reb1 Rhe8 23. Rxb5 Kc8 24. Nc4 Nh4 25. Bg3 Rxe4 26. Rxb6 Rdxd4 27. cxd4 cxb6 28. Nd6+ 1-0